000
00324nam a2200145Ia 4500
100
_a
Kumar/K.J
650
_a
English
942
_c
BK
654
_a
communication
245
_a
Communicatin skills in english
260
_b
Vipul prakashan
_a
Bombay
_c
1988
082
_a
621.381548
_b
KUM
300
_a
172
546
_a
ENGLISH
999
_c
18115
_d
18115